000 00848 a2200229 4500
020 _a0691037442
020 _a9780691037448
035 _a(OCoLC)ocm30474652
040 _aDLC
_bDLC
082 0 0 _a537
100 1 _aJoannopoulos, J. D.
245 1 0 _aPhotonic crystals : molding the flow of light
_bmolding the flow of light
_cJohn D. Joannopoulos, Robert D. Meade, Joshua N. Winn.
260 _aPrinceton, N.J. :
_bPrinceton University Press,
_cc1995.
300 _aix, 137 p. :
_bill. (some col.) ;
_c25 cm.
650 0 _aPhotons.
650 0 _aCrystal optics.
700 1 _aMeade, Robert D.
_d1963-
700 1 _aWinn, Joshua N.
856 4 1 _3Table of contents
_uhttp://www.loc.gov/catdir/toc/prin031/94012372.html
856 4 1 _3Publisher description
_uhttp://www.loc.gov/catdir/description/prin021/94012372.html
942 _cBK
_k537 JOA
_2ddc
999 _c7781
_d7781